| 000 | 03198cam a2200757 4500 | ||
|---|---|---|---|
| 999 |
_c371272 _d371272 |
||
| 001 | 87402742X | ||
| 003 | DE-627 | ||
| 005 | 20220104141715.0 | ||
| 007 | tu | ||
| 008 | 161207s2017 gw ||||| m 00| ||ger c | ||
| 015 |
_a16,N49 _2dnb |
||
| 016 | 7 |
_a1120421934 _2DE-101 |
|
| 020 |
_a9783412506230 _cFesteinband : circa EUR 40.00 (DE), circa EUR 42.00 (AT) |
||
| 020 | _a3412506230 | ||
| 024 | 3 | _a9783412506230 | |
| 035 | _a(DE-627)87402742X | ||
| 035 | _a(DE-576)484485482 | ||
| 035 | _a(DE-599)DNB1120421934 | ||
| 035 | _a(OCoLC)965624925 | ||
| 035 | _a(OCoLC)965624925 | ||
| 035 | _a(OCoLC)1013585699 | ||
| 035 | _a(DE-101)1120421934 | ||
| 040 |
_aDE-627 _bger _cDE-627 _erda _dDE-2950 |
||
| 041 | _ager | ||
| 044 |
_cXA-DE _cXA-AT _cXA-DE-NW |
||
| 082 | 0 |
_a338.63209493509024 _qDE-101 _222/ger |
|
| 082 | 0 |
_a330 _qDE-101 _223sdnb |
|
| 082 | 0 |
_a940 _qDE-101 _223sdnb |
|
| 082 | 0 | 4 |
_a940 _qDE-101 |
| 084 |
_aNM 7250 _qBVB _2rvk _0(DE-625)rvk/126405: |
||
| 084 |
_aNR 1800 _qBVB _2rvk _0(DE-625)rvk/129177: |
||
| 084 |
_aNR 8655 _qDE-14/sred _2rvk _0(DE-625)rvk/130099: |
||
| 084 |
_aNW 7800 _2rvk _0(DE-625)rvk/132300: |
||
| 084 |
_a15.63 _2bkl |
||
| 084 |
_a83.67 _2bkl |
||
| 084 |
_a15.33 _2bkl |
||
| 090 | _aa | ||
| 100 | 1 |
_aJullien, Eva _d1984- _eVerfasserIn _0(DE-588)1127070363 _0(DE-627)881453366 _0(DE-576)484886061 _4aut |
|
| 245 | 1 | 4 |
_aDie Handwerker und Zünfte der Stadt Luxemburg im Spätmittelalter / _cvon Eva Jullien |
| 264 | 1 |
_aKöln; _aWeimar; _aWien: _bBöhlau Verlag, _c2017. |
|
| 300 |
_a320 Seiten: _bDiagramme, Karten. _c24 cm x 17 cm |
||
| 336 |
_aText _btxt _2rdacontent |
||
| 337 |
_aohne Hilfsmittel zu benutzen _bn _2rdamedia |
||
| 338 |
_aBand _bnc _2rdacarrier |
||
| 490 | 1 |
_aStädteforschung _aReihe A, Darstellungen; _vBand 96. |
|
| 500 | _aQuellen- und Literaturverzeichnis: Seite [258]-288 | ||
| 502 |
_bDissertation _cUniversität Luxemburg _d2014 |
||
| 655 | 7 |
_aHochschulschrift _0(DE-588)4113937-9 _0(DE-627)105825778 _0(DE-576)209480580 _2gnd-content |
|
| 951 | _aBO | ||
| 700 | 1 |
_aPauly, Michel _d1952- _eAkademischeR BetreuerIn _0(DE-588)131758454 _0(DE-627)688152066 _0(DE-576)169324095 _4dgs |
|
| 710 | 2 |
_aBöhlau-Verlag _gKöln _eVerlag _0(DE-588)2005806-8 _0(DE-627)101534051 _0(DE-576)191613037 _4pbl |
|
| 710 | 2 |
_aUniversité du Luxembourg _eGrad-verleihende Institution _0(DE-588)16033783-5 _0(DE-627)613341252 _0(DE-576)313276846 _4dgg |
|
| 751 |
_aLuxemburg, Stadt _0(DE-588)4036729-0 _0(DE-627)106241125 _0(DE-576)209020105 _4uvp |
||
| 776 | 0 | 8 |
_iErscheint auch als _nOnline-Ausgabe _aJullien, Eva, 1984 - _tDie Handwerker und Zünfte der Stadt Luxemburg im Spätmittelalter _dKöln : Böhlau, 2017 _h1 Online-Ressource (288 Seiten) _w(DE-627)1656471418 _w(DE-576)494420561 _z9783412508654 |
| 830 | 0 |
_aStädteforschung / A _vBand 96 _996 _w(DE-627)130159506 _w(DE-576)015701735 _w(DE-600)517592-6 _x2748-4564 |
|
| 856 | 4 | 2 |
_uhttps://d-nb.info/1120421934/04 _3Inhaltsverzeichnis |
| 856 | 4 | 2 |
_uhttp://d-nb.info/1120421934/04 _mB:DE-101 _qapplication/pdf _3Inhaltsverzeichnis |
| 936 | r | v | _aNM 7250 |
| 936 | r | v | _aNR 1800 |
| 936 | r | v | _aNR 8655 |
| 936 | r | v | _aNW 7800 |
| 936 | b | k | _a15.63 |
| 936 | b | k | _a83.67 |
| 936 | b | k | _a15.33 |
| 942 |
_2z _cB |
||